|
|
|
|
| LEADER |
02090cas a2200253 a 4500 |
| 001 |
AALejournalIMF013111 |
| 008 |
230101c9999 xx r poo 0 0eng d |
| 020 |
|
|
|c 50.00 USD
|
| 020 |
|
|
|z 9781616354305
|
| 022 |
|
|
|a 1020-1343
|
| 040 |
|
|
|a BD-DhAAL
|c BD-DhAAL
|
| 110 |
2 |
|
|a International Monetary Fund.
|b Research Dept.
|
| 240 |
1 |
0 |
|a Perspectives de l'economie mondiale, octobre 2012: Une dette elevee et une croissance anemique.
|l French
|
| 245 |
1 |
0 |
|a Perspectives de l'economie mondiale, octobre 2012 :
|b Une dette elevee et une croissance anemique.
|
| 264 |
|
1 |
|a Washington, D.C. :
|b International Monetary Fund,
|c 2012.
|
| 300 |
|
|
|a 1 online resource (256 pages)
|
| 490 |
1 |
|
|a World Economic Outlook
|
| 500 |
|
|
|a <strong>Off-Campus Access:</strong> No User ID or Password Required
|
| 500 |
|
|
|a <strong>On-Campus Access:</strong> No User ID or Password Required
|
| 506 |
|
|
|a Electronic access restricted to authorized BRAC University faculty, staff and students
|
| 520 |
3 |
|
|a L'edition d'octobre 2012 des Perspectives de l'economie mondiale examine les chances de reprise mondiale compte tenu des risques que posent la crise persistante de la zone euro et le -- precipice budgetaire -- qui menace les dirigeants americains. La reduction des risques pesant sur les perspectives a moyen terme passe par une reduction de la dette publique dans les principaux pays avances, et le chapitre 3 dresse une retrospective sur un siecle de la gestion du surendettement public. Dans les pays emergents ou en developpement, l'activite a ralenti en raison d'un certain resserrement d-- aux contraintes de capacite, du flechissement de la demande des pays avances, et de facteurs propres a certains pays, mais l'amelioration des politiques economiques a renforce la resistance de ces pays face aux chocs. C'est ce qu'examine le chapitre 4.
|
| 538 |
|
|
|a Mode of access: Internet
|
| 830 |
|
0 |
|a World Economic Outlook; World Economic Outlook ;
|v No. 2012/002
|
| 856 |
4 |
0 |
|z Full text available on IMF
|u http://elibrary.imf.org/view/books/081/12743-9781616354305-fr/12743-9781616354305-fr-book.xml
|z IMF e-Library
|